Loading...
| Fine Arts - Classical Music | 0 | 4 | 0 | 0 | 40 | 32 | 44.00 | 2 | 4 | 0.00 | 0.00 |
| Fine Arts - Visual | 0 | 3 | 0 | 1 | 30 | 51 | 76.33 | 1 | 2 | 0.00 | 0.00 |
| Science - Other | 0 | 3 | 1 | 0 | 25 | 32 | 38.33 | 2 | 3 | 0.00 | 0.00 |
| Social Science | 0 | 2 | 0 | 0 | 20 | 75 | 86.50 | 0 | 0 | 0.00 | 0.00 |
| Fine Arts - Other | 0 | 2 | 0 | 0 | 20 | 60 | 89.00 | 1 | 1 | 0.00 | 0.00 |
| Philosophy | 0 | 2 | 0 | 0 | 20 | 66 | 75.50 | 1 | 2 | 0.00 | 0.00 |
| Geography/Current Events | 0 | 1 | 0 | 0 | 10 | 81 | 81.00 | 0 | 0 | 0.00 | 0.00 |
| Science - Biology | 0 | 1 | 0 | 0 | 10 | 89 | 89.00 | 0 | 0 | 0.00 | 0.00 |
| Literature - World/Other | 0 | 1 | 0 | 0 | 10 | 65 | 65.00 | 0 | 1 | 0.00 | 0.00 |
| Other Academic | 0 | 1 | 0 | 0 | 10 | 98 | 98.00 | 1 | 1 | 0.00 | 0.00 |